00769cam a2200193 a 450000100100000000500170001000800410002702000180006804000300008608200160011624501610013226000600029330000310035350400490038460000430043370000280047670000270050470000440053100001982120200929170142.0090408s2008 cu h 000 0 spa d a9789597137399 aDO-SdBNPcDLCdBNPHUbspa annnnbP418f00aPensamientos de Félix Varela y Morales /cselección y compilación de María Margarita León Ortiz ; edición de Carlos L. Zamora y Elda González. aLa Habana :bBiblioteca Nacional José Martí,c2008. a167 p. :bfascs. ;c21 cm. aIncludes bibliographical references (p. 18).14aVarela y Morales, Félix,d1788-1853.1 aZamora, Carlos L.,eed.1 aGonzález, Elda,eed.1 aLeón Ortiz, María Margarita,d1952-